Umelec - Pontifex oppositorium

Alternatívne prieniky niektorých čínskych motívov do moderného západného umenia alebo hľadania miesta umeleckej obrazotvornosti či riešenia problému subjektivácie.

Enregistré dans:
Détails bibliographiques
Auteur principal: Sucharek, Pavol
Format: Chapitre de livre
Langue:slovaque
Sujets:
Tags: Ajouter un tag
Pas de tags, Soyez le premier à ajouter un tag!

MARC

LEADER 00000naa a2200000 4500
001 0179554
005 20231211125326.4
041 0 |a slo 
044 |a SK 
245 1 0 |a Umelec - Pontifex oppositorium  |c Pavol Sucharek 
520 |a Alternatívne prieniky niektorých čínskych motívov do moderného západného umenia alebo hľadania miesta umeleckej obrazotvornosti či riešenia problému subjektivácie. 
610 2 0 |a filozofia 
610 2 0 |a systémy filozofické 
610 2 0 |a metódy poznania 
610 2 0 |a estetika 
610 2 0 |a umenie 
610 2 0 |a racionalita 
100 1 |a Sucharek, Pavol